| 000 | 00347nam a2200145Ia 4500 | ||
|---|---|---|---|
| 008 | 230312s9999||||xx |||||||||||||| ||und|| | ||
| 082 |
_a339.3076 _bSHA |
||
| 100 | _aA. Hamid Shahid | ||
| 245 | 0 | _aMicro Economics | |
| 260 |
_bIlmi Kitab Khana _aLahore _c2003 |
||
| 300 | _a496 | ||
| 546 | _aEng. | ||
| 650 |
_aEconomics _vIntroduction |
||
| 942 | _cBK | ||
| 999 |
_c6411 _d6411 |
||